Statistics for Every Dependent Territory in the World

Click here to take the quiz!

General Stats

  • This quiz has been taken 1,106 times
    (499 since last reset)
  • The average score is 32 of 61

Answer Stats

CountryContinentDependent Territory% Correct
DenmarkNorth AmericaGreenland
81%
United StatesNorth AmericaUnited States Virgin Islands
81%
United KingdomNorth AmericaBritish Virgin Islands
80%
United StatesOceaniaGuam
80%
ChinaAsiaHong Kong
77%
United StatesOceaniaAmerican Samoa
76%
NetherlandsNorth AmericaAruba
76%
United StatesNorth AmericaPuerto Rico
76%
United KingdomSouth AmericaFalkland Islands
74%
DenmarkEuropeFaroe Islands
74%
United KingdomNorth AmericaBermuda
73%
AustraliaAsiaChristmas Island
72%
ChinaAsiaMacau
71%
NetherlandsNorth AmericaCuraçao
69%
FranceOceaniaFrench Polynesia
69%
United KingdomEuropeGibraltar
69%
United KingdomEuropeJersey
69%
New ZealandOceaniaCook Islands
67%
United KingdomEuropeGuernsey
67%
New ZealandOceaniaNiue
67%
FinlandEuropeÅland
66%
United KingdomEuropeIsle of Man
66%
FranceOceaniaNew Caledonia
65%
United StatesOceaniaNorthern Mariana Islands
65%
FranceNorth AmericaSaint Martin
65%
United KingdomNorth AmericaAnguilla
61%
United KingdomAfricaSaint Helena, Ascension and Tristan da Cunha
60%
United KingdomNorth AmericaMontserrat
59%
United KingdomNorth AmericaCayman Islands
58%
United KingdomOceaniaPitcairn Islands
58%
NorwayEuropeSvalbard
57%
United KingdomNorth AmericaTurks and Caicos
57%
United KingdomAsiaBritish Indian Ocean Territory
55%
AustraliaAsiaCocos Islands
55%
NetherlandsNorth AmericaSint Maarten
54%
United KingdomAntarcticaSouth Georgia and the South Sandwich Islands
54%
New ZealandOceaniaTokelau
52%
AustraliaOceaniaNorfolk Island
51%
FranceNorth AmericaSaint Pierre and Miquelon
49%
FranceOceaniaWallis and Futuna
49%
FranceAntarcticaFrench Southern and Antarctic Lands
43%
FranceNorth AmericaSaint Barthélemy
43%
United KingdomAsiaAkrotiri and Dhekelia
39%
United KingdomAntarcticaBritish Antarctic Territory
39%
AustraliaAntarcticaAustralian Antarctic Territory
33%
NorwayAntarcticaBouvet Island
33%
United StatesOceaniaMidway Atoll
33%
United StatesOceaniaWake Atoll
28%
AustraliaAntarcticaHeard Island and McDonald Islands
26%
United StatesOceaniaJohnston Atoll
25%
United StatesOceaniaBaker Island
22%
FranceOceaniaClipperton Island
22%
United StatesOceaniaJarvis Island
22%
AustraliaOceaniaCoral Sea Islands
21%
AustraliaOceaniaAshmore and Cartier Islands
20%
United StatesOceaniaHowland Island
19%
United StatesOceaniaKingman Reef
19%
New ZealandAntarcticaRoss Dependency
19%
United StatesNorth AmericaNavassa Island
18%
NorwayAntarcticaQueen Maud Land
18%
NorwayAntarcticaPeter I Island
15%

Score Distribution

Percentile by Number Answered

Percent of People with Each Score

Your Score History

You have not taken this quiz since the last reset